My cousin Rachel

Αποθηκεύτηκε σε:
Λεπτομέρειες βιβλιογραφικής εγγραφής
Κύριος συγγραφέας: Du Maurier, Daphne 1907-1989 (Συγγραφέας)
Άλλοι συγγραφείς: Tarner, Margaret
Μορφή: Βιβλίο
Γλώσσα:English
Δημοσίευση: Oxford : Heinemann, 1992
Σειρά:Heinemann guided readers. Intermediate level
Θέματα:
Ετικέτες: Προσθήκη ετικέτας
Δεν υπάρχουν, Καταχωρήστε ετικέτα πρώτοι!

MARC

LEADER 00000nam a2200000 i 4500
001 1/22890
008 950309s1992 eng d
020 |a 0-435-27224-1 
035 |l 10021981 
040 |a GR-MY-UA  |b gre  |e aacr 
041 0 |a eng 
082 0 |a 428.64 
100 1 |a Du Maurier, Daphne  |d 1907-1989.  |4 aut 
245 1 0 |a My cousin Rachel /  |c Daphne Du Maurier 
260 |a Oxford :   |b Heinemann,   |c 1992 
490 1 |a Heinemann guided readers. Intermediate level 
650 0 0 |a English language  |x Readers. 
650 0 0 |a English language  |v Textbooks for foreign speakers. 
700 1 |a Tarner, Margaret. 
830 0 |a Heinemann guided readers. Intermediate level 
852 |a INST  |b CHIOS  |e 19950309  |h 428.64 MAU  |p 005200003935  |q 005200003935  |t BK  |y 0 
909 |a Χ  |b 037432